| 000 | 00404nam a2200145Ia 4500 | ||
|---|---|---|---|
| 008 | 230917s9999||||xx |||||||||||||| ||und|| | ||
| 040 |
_e104495 _aMAIN |
||
| 041 | _aEnglish | ||
| 082 | _a813.09 G959A | ||
| 100 | _aGupta, Rashmi | ||
| 245 | 0 | _aAdolescent hero in the works of Kathevine Anne Porter and J D Salinger | |
| 260 |
_aNew Delhi _bAtlantic Publishers _c2003 |
||
| 300 | _a123 p. | ||
| 942 | _cBK | ||
| 999 |
_c116106 _d116106 |
||